| 000 | 00724cam a2200253 4500 | ||
|---|---|---|---|
| 001 | 14870 | ||
| 003 | BD-RjUL | ||
| 005 | 20211208235716.0 | ||
| 008 | 140208s1968 ru a 000 0 eng d | ||
| 035 | _a(BD-RjUL)14924 | ||
| 040 |
_aDLC _cDLC _dDLC _dBD-RjUL _beng |
||
| 041 | _aeng | ||
| 082 | 0 | 0 |
_a914.70222 _bRUS 1968 |
| 245 | 0 | 0 | _aRussian Soviet Federative Socialist Republic / |
| 260 |
_aMoscow : _bNovosti Press Agency Pub. House, _c1968 |
||
| 300 |
_a127 p. : _b179 illus. ; _c17 cm. |
||
| 500 | _aOn cover: Russian Federation. | ||
| 651 | 0 |
_aRussia (Federation) _946288 |
|
| 740 | _aRussian Federation. | ||
| 942 |
_2ddc _cBK |
||
| 999 |
_c14870 _d14870 |
||